000 01015cam a22003374a 4500
001 6682
003 FISKH
005 20250520160832.0
008 050113s2005 nyua j 000 0 eng
010 _a 2005001089
020 _a0756611377 (pb)
020 _a9780756611378
020 _a0756611369 (plc)
040 _aDLC
_cDLC
_dDLC
_beng
050 _aRJ50 .L63
082 0 0 _a618.92
100 1 _aLock, Deborah.
245 1 2 _aA trip to the doctor /
_cwritten by Deborah Lock.
260 _aNew York :
_bDK Publishing,
_c2005.
300 _a32 pages :
_bcolor illustrations ;
_c23 cm
490 1 _aDk readers. Level 1
505 _aJ
520 _aExplains what it's like to visit the doctor.
521 8 _a500
_bLexile
521 8 _aJ
_bRaz-Plus
650 0 _aChildren
_xMedical examinations
_vJuvenile literature.
650 0 _aChildren
_xPreparation for medical care
_vJuvenile literature.
906 _a7
_bcbc
_corignew
_d1
_eecip
_f20
_gy-gencatlg
942 _2ddc
_cBK
_n0
999 _c6682
_d6682